| 000 | 00645nam a22002057a 4500 | ||
|---|---|---|---|
| 005 | 20140811123125.0 | ||
| 010 | _aENG-110318 | ||
| 020 |
_a9789350622537 _c795.00 |
||
| 035 | _aEN-93850 | ||
| 037 | _bDBAD/PUB | ||
| 082 | _a658.40954 | ||
| 245 |
_aBusiness management and information technology / _cedited by Rajendra Jain, Ashima Joshi [and] Gaurav Chhabra |
||
| 260 |
_aNew Delhi _bExcel Books _c2013 |
||
| 270 |
_aA-45, Naraina, Phase I _bNew Delhi _e110028 |
||
| 300 |
_axxi,749p. _c24cm(pbk) |
||
| 700 | _aJain. Rajendra | ||
| 700 | _aJoshi, Ashima | ||
| 700 | _aChhabra, Gaurav | ||
| 942 |
_2ddc _cEN _mBUS _h658.40954 |
||
| 999 |
_c85981 _d85981 |
||